The Oxford history of Medieval Europe

Αποθηκεύτηκε σε:
Λεπτομέρειες βιβλιογραφικής εγγραφής
Άλλοι συγγραφείς: Holmes, George (Επιμελητής έκδοσης)
Μορφή: Βιβλίο
Γλώσσα:English
Δημοσίευση: Oxford; New York : Oxford University Press, 1992
Θέματα:
Ετικέτες: Προσθήκη ετικέτας
Δεν υπάρχουν, Καταχωρήστε ετικέτα πρώτοι!

MARC

LEADER 00000nam a2200000 i 4500
001 1/92569
008 940224s1992 eng d
020 |a 0-19-285272-8 
035 |l 10008518 
040 |a GR-MY-UA  |b gre  |e aacr 
041 0 |a eng 
082 0 |a 940.1 
245 1 4 |a The Oxford history of Medieval Europe /  |c Edited by George Holmes 
260 |a Oxford; New York :   |b Oxford University Press,   |c 1992 
300 |a 395 p.  |b ill.; maps; fig. 
504 |a Includes bibliographical references and index 
651 0 |a Europe  |x History  |y 476-1492. 
700 1 |a Holmes, George.  |4 edt 
852 |a INST  |b LESVOS  |e 19940224  |h 940.1 OXF  |p 005100005529  |q 005100005529  |t BK  |y 0 
909 |a Λ  |b 033889